| 000 | 00674nas a2200241 4500 | ||
|---|---|---|---|
| 001 | BR9506800 | ||
| 003 | BR-BrBNA | ||
| 005 | 20231205094457.0 | ||
| 007 | ta | ||
| 008 | 230509b bl.|||p| |||| 00| 00por d | ||
| 040 |
_aBR-BrBNA _bpor _cBiblioteca Nacional de Agricultura |
||
| 041 | _a(Pt) | ||
| 072 | _aF01 | ||
| 100 | 1 | _aVoll, E. | |
| 245 | 1 | _aEfeitos da interacao de acido ferulico e glifosate em soja | |
| 650 | _aSoja | ||
| 650 | _aPlantio Direto | ||
| 650 | _aResteva | ||
| 650 | _aAlelopatia | ||
| 773 | 0 |
_tPlanta Daninha (Brazil) _xISSN 0100-8358 _g(1993), v. 11(1-2) p. 5-8 _wBR9506800 |
|
| 909 |
_a202311 _bLúcia _c55 _dLúcia Elande |
||
| 942 |
_2AGRIS _n0 _cANA |
||
| 999 |
_c144618 _d144618 |
||